The sky queen / (Record no. 61010)

MARC details
000 -LEADER
fixed length control field 00489nam a22001697a 4500
005 - DATE AND TIME OF LATEST TRANSACTION
control field 2012011600430.0
020 ## - INTERNATIONAL STANDARD BOOK NUMBER
International Standard Book Number 9788189020323
Terms of availability 80.00
037 ## - SOURCE OF ACQUISITION
Stock number DPL
Source of stock number/acquisition PUB
082 ## - DEWEY DECIMAL CLASSIFICATION NUMBER
Classification number S
245 ## - TITLE STATEMENT
Title The sky queen /
Statement of responsibility, etc prestnted by Mamang dai; art by Srivi
250 ## - EDITION STATEMENT
Edition statement 2nd (repr)
260 ## - PUBLICATION, DISTRIBUTION, ETC. (IMPRINT)
Place of publication, distribution, etc New Delhi
Name of publisher, distributor, etc Katha
Date of publication, distribution, etc 2009
270 ## - ADDRESS
Address A3 Sarvodaya Enclave, Sri Aurbindo Marg
City New Delhi
Postal code 110017
300 ## - PHYSICAL DESCRIPTION
Extent unpaged.
Other physical details col.ill
Dimensions 20cm (pbk)
942 ## - ADDED ENTRY ELEMENTS (KOHA)
Source of classification or shelving scheme Dewey Decimal Classification
Item type Children Books
Classification part S
Call number suffix SKY

No items available.


© Delhi Public Library
Hit Counter
free hit counter